|
|
|
|
| LEADER |
00945nam a2200253 a 4500 |
| 001 |
13909325 |
| 008 |
091119s2005 enka b 001 0 eng d |
| 010 |
|
|
|a 2005006840
|
| 020 |
|
|
|a 0470014563 (pbk. : alk. paper)
|
| 020 |
|
|
|a 9780470014561
|
| 040 |
|
|
|a DLC
|c DLC
|d DLC
|
| 082 |
0 |
0 |
|a 330/.01/5195
|2 22
|
| 100 |
1 |
|
|a Baltagi, Badi H.
|q (Badi Hani)
|
| 245 |
1 |
0 |
|a Econometric analysis of panel data /
|c Badi H. Baltagi.
|
| 250 |
|
|
|a 3rd ed.
|
| 260 |
|
|
|a Chichester ;
|a Hoboken, NJ :
|b J. Wiley & Sons,
|c c2005.
|
| 300 |
|
|
|a xii, 302 p. :
|b ill. ;
|c 24 cm.
|
| 504 |
|
|
|a Includes bibliographical references (p. [267]-289) and index.
|
| 541 |
1 |
|
|e 00017354
|
| 650 |
0 |
0 |
|a Econometrics.
|
| 650 |
0 |
0 |
|a Panel analysis.
|
| 852 |
4 |
|
|a Ayesha Abed Library
|j General Shelf.
|
| 999 |
|
|
|c 5672
|d 5672
|
| 952 |
|
|
|0 0
|1 0
|2 ddc
|4 0
|6 330_015195000000000_BAL
|7 0
|9 5593
|a BRACUL
|b BRACUL
|c GEN
|d 2009-11-21
|l 4
|m 11
|o 330.015195 BAL
|p 3010017354
|r 2024-09-22
|s 2024-05-07
|t 1
|w 2009-11-21
|y BK
|